| 000 | 00810nam a22002055i 4500 | ||
|---|---|---|---|
| 001 | 155584 | ||
| 003 | ES-MaACL | ||
| 005 | 20230906210131.0 | ||
| 008 | 040726s1869 gw |||| | eng d | ||
| 040 |
_aCAM _bspa _cCAM |
||
| 100 | 1 |
_aHoracio Flaco, Quinto. _964182 |
|
| 245 | 1 | 4 |
_aThe odes and epodes of Horace / _ca metrical translation into english with introduction and commentaries by Lord Lytton. |
| 260 |
_aLeipzig : _bBernhard Tauchnitz, _c1869. |
||
| 300 |
_a2 v. (XLII, 269 p.; 293 p.) ; _c16 cm. |
||
| 490 | 1 |
_aCollection of british authors ; _v1056; 1057 |
|
| 700 | 1 | 1 |
_aLytton, Edward Bulwer Lytton _c, Baron, _etrad. _974965 |
| 830 | 0 |
_aCollection of british authors ; _v1056; 1057 _9180703 |
|
| 852 |
_aES-MaACL _jG-11408 _z-- Enc. hol. conservando la cub. original |
||
| 999 |
_c155584 _d155584 |
||